000 00403pab a2200157 454500
008 180718b2010 xxu||||| |||| 00| 0 eng d
100 _aJackson, Donna R.
245 _aThe Ogaden war and the demise of detente
260 _c2010
300 _ap.26-40.
362 _aNov
650 _aWar
773 _aAnnals of the American Academy of Political and Social Science
908 _aN
909 _a89999
999 _c89999
_d89999